000 00461nam a2200145Ia 4500
008 180925s9999 xx 000 0 und d
020 _a9780702070051
100 _aAulton,Michael E.
245 _cMichael E. Aulton, Kevin M.G.Taylor.--
_aAulton's pharmaceutics:
_bthe design and manufacture of medicines /
250 _a5th ed
260 _aUSA :
_bElsevier
_c2018
300 _aix, 918 pages.
650 _aDrugs -- design.
650 _aDrugs -- dosage forms.
999 _c358846
_d358846